Mathematics for business, finance, and economics /

This book is about: Straight lines and linear equations; Linear inequalities; Matrices; Functions and turning points; Derivatives and optimization; Functions of than one variable; ...

Αποθηκεύτηκε σε:
Λεπτομέρειες βιβλιογραφικής εγγραφής
Κύριος συγγραφέας: Wilkes, F. M.
Μορφή: Βιβλίο
Γλώσσα:English
Έκδοση: London ; Boston : International Thomson Business Press, 1999.
Έκδοση:2nd ed.
Θέματα:
Ετικέτες: Προσθήκη ετικέτας
Δεν υπάρχουν, Καταχωρήστε ετικέτα πρώτοι!
Thư viện lưu trữ: Mạng thư viện Đại học Đà Nẵng
LEADER 01122cam a2200361 i 4500
001 000049156
003 8888
005 20051111142626.0
008 010324b1999 vm 000 eng
020 |a 186152241X 
040 |a IRC  |c IRC  |d IRC 
041 0 |a eng 
082 1 4 |a 512.1502465  |b WI-F 
100 1 |a Wilkes, F. M. 
245 0 0 |a Mathematics for business, finance, and economics /  |c F. M. Wilkes. 
250 |a 2nd ed. 
260 |a London ; Boston :  |b International Thomson Business Press,  |c 1999. 
300 |a x, 534 p. :  |b ill. ;  |c 24.5cm. 
520 3 |a This book is about: Straight lines and linear equations; Linear inequalities; Matrices; Functions and turning points; Derivatives and optimization; Functions of than one variable; ... 
630 0 4 |a Mathematics. 
630 0 4 |a Business mathematics. 
650 0 4 |a Mathematics. 
650 0 4 |a Business mathematics. 
OWN |a DUT 
999 |a From the UDN01 
TYP |a Monograph 
TYP |a Printed language 
980 |a Mạng thư viện Đại học Đà Nẵng